[Event "84th Annual Southwest Open"]
[Site "Irving"]
[Date "2018.09.04"]
[Round "9"]
[White "Yim, Sung Ho"]
[Black "Easton, Jack"]
[Result "1/2-1/2"]
[WhiteElo "2271"]
[BlackElo "2262"]
[Annotator "TA"]
[PlyCount "100"]
[EventDate "2018.08.31"]
[EventType "swiss"]
[EventCountry "USA"]
[SourceTitle "playchess.com"]
[Source "ChessBase"]
[SourceQuality "1"]

{[%evp 12,100,70,62,65,70,87,50,41,50,64,49,59,46,85,66,85,53,69,37,44,24,22,10,2,0,0,0,0,0,0,0,0,-16,-16,-10,-7,-14,0,0,12,0,35,34,173,177,166,122,127,127,212,204,209,216,378,318,291,216,222,188,137,131,597,195,202,217,218,218,333,189,189,182,314,272,344,337,277,217,219,206,193,197,265,260,253,226,224,0,0,0,0]} 1. e4 c5 2. Nc3 e6 3. Nge2 d5 4. exd5 exd5 5. d4 Nc6 6. dxc5 d4 {B23: Closed Sicilian: Lines without g3} 7. Ne4 {LiveBook: 11 Games} Qd5 8. N2g3 Bxc5 {White is slightly better.} 9. a3 $146 ({Predecessor:} 9. Nxc5 Qxc5 10. Bd3 Nf6 11. O-O O-O 12. Re1 Bg4 13. Ne4 Nxe4 14. Qxg4 {1-0 (42) Yurtaev,L (2485)-Kiselev,S (2420) Frunze 1988}) 9... Be7 10. Bd3 Nf6 11. O-O O-O 12. Re1 Be6 13. Nxf6+ Bxf6 14. Bf4 (14. Nh5 {keeps more tension.} Bg5 15. Be4 Qd8 16. Nf4 Bd7 17. Qh5) 14... g6 15. Ne4 Bg7 16. Bh6 Bf5 17. Bxg7 Kxg7 18. Ng3 Bxd3 19. Qxd3 Rfe8 20. Rad1 Rad8 21. Rxe8 Rxe8 22. c4 Qe6 23. b4 {[%cal Bb2b4,Bb4b5][%mdl 32]} Rd8 {White should prevent ...Ne5.} 24. f4 f5 25. Kf2 Qf6 26. Ne2 Re8 27. b5 $36 {[%mdl 2048] White has good play.} Re3 (27... Na5 $1 $14) 28. Qd2 $1 $18 Ne7 29. Qxd4 Rxa3 30. Qc5 Ra2 {[#]} (30... Qb6 $16 31. Qxb6 axb6) 31. Rd7 $1 {[%cal Rd7e7]} Kf8 32. Rxb7 Rb2 $2 (32... Qe6 {was necessary.} 33. Qe3 Qe4 34. Qxe4 fxe4) 33. g3 Rc2 34. Rc7 {Hoping for Rc6.} (34. Qxa7 $6 Qe6 $18) 34... Qb6 35. Qxb6 axb6 {[%mdl 4096] Endgame KRN-KRN} 36. Ke1 Nd5 $2 {[%mdl 8192]} (36... Ke8 $16 37. Kd1 Rb2) 37. Rc6 $2 (37. Rc8+ Ke7 38. Nd4 Rxh2 39. cxd5) 37... Ne3 38. Rxb6 Rxc4 39. Kd2 Nd5 (39... Ng4 $142 40. Rb8+ Ke7 41. Rb7+ Kd6 42. Rxh7 Kc5) 40. Rb7 (40. Rd6 $142 Nc7 41. b6) 40... Rb4 41. Kd3 ({Don't play} 41. Rxh7 $6 Rb2+ 42. Kd3 Rxb5 $16) 41... h6 (41... Ke8 $142 42. Nd4 (42. Rxh7 Rxb5 43. Nd4 Rb2 $16) 42... Nf6) 42. Nd4 g5 43. fxg5 ({Much less strong is} 43. Nxf5 gxf4 44. Nxh6 Ne7 $18) 43... hxg5 44. Ne6+ Ke8 45. Nxg5 f4 46. g4 f3 (46... Nf6 {keeps fighting.} 47. h3 Nd7) 47. Nxf3 {And now Ne5 would win.} Rxg4 48. Rh7 Rb4 {[#]} 49. Nd4 $2 (49. Rh5 $1 $18 {[%cal Rh5d5]} Nf6 50. Re5+ Kd8 51. Rf5) 49... Nf4+ $1 $11 50. Kc3 Nd5+ {Precision: White = 57%, Black = 49%.} 1/2-1/2

[Event "84th Annual Southwest Open"]
[Site "Irving"]
[Date "2018.09.03"]
[Round "9"]
[White "Kumar, Nikhil"]
[Black "Daggupati, Balaji"]
[Result "*"]
[WhiteElo "2268"]
[BlackElo "2226"]
[Annotator "TA"]
[PlyCount "35"]
[EventDate "2018.08.31"]
[EventType "swiss"]
[EventCountry "USA"]
[SourceTitle "playchess.com"]
[Source "ChessBase"]
[SourceQuality "1"]

{[%evp 13,15,11,10,7]} 1. d4 {Let's Check} d5 2. c4 c6 3. Nf3 Nf6 4. Qb3 dxc4 5. Qxc4 Bf5 6. g3 e6 7. Bg2 Nbd7 {LiveBook: 1080 Games. D23: Queen's Gambit Accepted: 3 Nf3 Nf6 sidelines} 8. e3 {Predecessor:} Be7 $146 9. O-O O-O 10. Rd1 Ne4 11. Qe2 Qb6 12. Nc3 Rfd8 13. Ne1 Nxc3 14. bxc3 Bg6 15. e4 c5 16. Be3 Qa5 17. Nd3 Qxc3 18. dxc5 {0-1 (39) Laznicka,V (2704)-Howell,D (2603) Caleta 2012 CBM 147 [Let's Check]} *

[Event "84th Annual Southwest Open"]
[Site "Irving"]
[Date "2018.09.04"]
[Round "9"]
[White "Kumar, Nikhil"]
[Black "Daggupati, Balaji"]
[Result "1/2-1/2"]
[WhiteElo "2268"]
[BlackElo "2226"]
[Annotator "TA"]
[PlyCount "41"]
[EventDate "2018.08.31"]
[EventType "swiss"]
[EventCountry "USA"]
[SourceTitle "playchess.com"]
[Source "ChessBase"]
[SourceQuality "1"]

{[%evp 14,41,10,0,21,14,35,-119,-3,-20,54,-70,20,22,68,-122,122,-1211,179,-1301,88,0,1465,-1852,723,-1753,1572,-1442,947,-1484]} 1. d4 {Let's Check} d5 2. c4 c6 3. Nf3 Nf6 4. Qb3 dxc4 5. Qxc4 Bf5 6. g3 e6 7. Bg2 Nbd7 {D23: Queen's Gambit Accepted: 3 Nf3 Nf6 sidelines} 8. e3 {LiveBook: 17 Games} h6 $146 ({Predecessor:} 8... Be7 9. O-O O-O 10. Rd1 Ne4 11. Qe2 Qb6 12. Nc3 Rfd8 13. Ne1 Nxc3 14. bxc3 Bg6 15. e4 c5 16. Be3 Qa5 17. Nd3 Qxc3 18. dxc5 {0-1 (39) Laznicka,V (2704)-Howell,D (2603) Caleta 2012 CBM 147 [Let's Check]}) 9. Nc3 Rc8 {The position is equal.} 10. e4 $2 {[#]} (10. O-O $14 {keeps the upper hand.}) 10... Bh7 (10... Nxe4 $17 {With the idea ...Be7.} 11. O-O Nb6) 11. Ne5 Qa5 ({Black should play} 11... Nxe5 $11 12. dxe5 Nd7) 12. Bd2 (12. Nxd7 $14 Nxd7 13. Bd2) 12... Qb6 (12... Nxe5 $15 13. dxe5 Qxe5) 13. Be3 Qa5 14. Nd3 $2 {[#]} (14. Nxd7 $14 {stays ahead.} Nxd7 15. O-O) 14... Qa6 $2 (14... b5 $17 {keeps the pressure on.} 15. Qb3 Nxe4) 15. Rc1 $2 {[%mdl 8192]} (15. Qxa6 $16 bxa6 16. Rc1) 15... Bg6 $4 {[%mdl 8192]} (15... Qxc4 $19 {avoids the disaster.} 16. Bf1 Nxe4) 16. b4 $4 {[%mdl 8192]} (16. Qxa6 $18 bxa6 17. f3) 16... Qa3 $2 (16... Qxc4 $19 17. Nc5 Ng4) 17. Nb5 (17. O-O $16) 17... cxb5 $2 {[%mdl 8192]} (17... Qa4 $11) 18. Nf4 $4 {[%mdl 8192]} (18. Qxc8+ $18 Ke7 19. Ne5 Bxe4 20. Bxe4 Qxb4+ 21. Kf1) 18... Bxe4 $4 {[%mdl 8192]} (18... bxc4 $19 19. O-O Bxe4 20. Bxe4 Nxe4) 19. Bxe4 $4 {[%mdl 8192]} (19. Qxc8+ $18 Ke7 20. Bxe4 Nxe4 21. Rc7 Qxb4+ 22. Ke2) 19... Qa6 $4 {[%mdl 8192]} (19... Rxc4 $19 20. Rxc4 bxc4) 20. Qd5 $4 {[%mdl 8192]} (20. Qxc8+ $18 Ke7 21. Rc7) 20... h5 $4 {[%mdl 8192]} (20... Rxc1+ $19 21. Bxc1 exd5) 21. h4 $4 {[%mdl 40960] Precision: White =  4%, Black =  0%. . An unexpected result.} (21. Rxc8+ $18 Ke7 22. Qxb7 Qxb7 23. Bxb7) 1/2-1/2

[Event "84th Annual Southwest Open"]
[Site "Irving"]
[Date "2018.09.04"]
[Round "9"]
[White "Findlay, Ian T"]
[Black "Vivekananthan, Anish"]
[Result "0-1"]
[WhiteElo "2263"]
[BlackElo "2132"]
[Annotator "TA"]
[PlyCount "58"]
[EventDate "2018.08.31"]
[EventType "swiss"]
[EventCountry "USA"]
[SourceTitle "playchess.com"]
[Source "ChessBase"]
[SourceQuality "1"]

{[%evp 22,58,16,9,24,0,38,11,14,6,14,0,5,12,12,18,17,4,7,3,8,7,6,-3,0,0,0,0,0,-14,-8,-64,-63,-171,-188,-181,-181,-611,-622]} 1. e4 c5 2. Nf3 d6 3. d4 cxd4 4. Nxd4 Nf6 5. Nc3 a6 6. Be2 e5 7. Nb3 Be7 8. O-O O-O 9. Qd3 Be6 10. Bd2 {B92: Sizilianisch (Najdorf-Variante mit 6.Le2)} Nbd7 11. Nd5 Bxd5 12. exd5 {LiveBook: 19 Partien. Die Stellung ist ausgeglichen.} b6 (12... Nc5 13. Nxc5 dxc5 14. c4 Bd6 15. Qh3 e4 16. f4 exf3 17. Rxf3 Qd7 {½-½ (28) Nepomniachtchi,I (2751)-Karjakin,S (2773) Saint Louis 2017}) 13. a4 a5 14. Rfd1 $146 ({Vorgänger:} 14. c4 Nc5 15. Nxc5 dxc5 16. Bc3 Bd6 17. Rae1 Ra7 {1-0 (78) Kazakov,K (2356)-Jumabayev,R (2620) Astana 2017}) 14... Rc8 15. c3 Ne8 16. Bg4 g6 17. Bh6 Ng7 $1 18. Bxd7 Qxd7 19. Nd2 Qc7 20. Qb5 Rb8 21. Nc4 Rfc8 $36 {[%mdl 2048] Schwarz kämpft um Vorteil.} 22. b3 Nf5 23. Bc1 h5 24. Ba3 Qd8 25. Rd3 Ng7 26. b4 (26. Rad1 $11) 26... Ne8 $15 27. bxa5 (27. Bc1 $15) 27... bxa5 $19 28. Qa6 Qc7 29. Nd2 $2 {[#]} (29. Nb2) 29... Rb6 {Precision: Weiß = 30%, Schwarz = 73%.} 0-1

[Event "84th Annual Southwest Open"]
[Site "Irving"]
[Date "2018.09.03"]
[Round "9"]
[White "Nguyen, Emily"]
[Black "Kovalyov, Anton"]
[Result "1/2-1/2"]
[WhiteElo "2194"]
[BlackElo "2644"]
[Annotator "TA"]
[PlyCount "28"]
[EventDate "2018.08.31"]
[EventType "swiss"]
[EventCountry "USA"]
[SourceTitle "playchess.com"]
[Source "ChessBase"]
[SourceQuality "1"]

{[%evp 24,28,11,0,22,0,0]} 1. d4 Nf6 2. Nf3 e6 3. c4 b6 4. g3 c6 5. Bg2 d5 6. O-O Be7 7. Nc3 O-O 8. Ne5 Ba6 9. cxd5 {E06: Katalanisch} cxd5 10. Bf4 Bb7 (10... Nfd7 11. Nxd5 exd5 12. Nxf7 Rxf7 13. Bxd5 Nc6 14. Bxc6 Rc8 15. Bd5 Nf6 16. Bxf7+ Kxf7 17. Re1 Rc4 18. Be5 Bb4 19. Rf1 Ng4 20. Qb3 Qd5 21. Rac1 Bd2 22. Rc2 Nxe5 23. dxe5 b5 24. e4 Qd4 25. Rd1 {1-0 (25) Ponomariov,R (2715)-Vallejo Pons,F (2700) Madrid 2016}) 11. Rc1 Nh5 12. Bd2 Nf6 13. Bf4 $146 {LiveBook: 31 Partien} ({Vorgänger:} 13. Nb5 Ne8 14. Qc2 f6 15. Nd3 Nc6 16. Nf4 Qd7 {1-0 (32) Smejkal,J (2525)-Boensch,U (2540) Germany 1998}) 13... Nh5 14. Bd2 Nf6 1/2-1/2

[Event "84th Annual Southwest Open"]
[Site "Irving"]
[Date "2018.09.04"]
[Round "9"]
[White "Kung, Thomas"]
[Black "Wang, Jason"]
[Result "0-1"]
[WhiteElo "2132"]
[BlackElo "2184"]
[Annotator "TA"]
[PlyCount "182"]
[EventDate "2018.08.31"]
[EventType "swiss"]
[EventCountry "USA"]
[SourceTitle "playchess.com"]
[Source "ChessBase"]
[SourceQuality "1"]

{[%evp 16,182,59,18,58,59,57,45,37,27,38,13,9,8,66,56,82,71,71,0,111,28,72,-8,-7,-42,-14,-4,-7,-7,-24,-46,-54,-70,-60,-60,-51,-59,-65,-65,0,0,0,0,2,-175,-26,-57,-57,-67,-49,-58,-56,-58,-52,-69,0,-63,0,0,0,-418,-71,-71,-75,-125,-114,-133,-139,-138,-111,-105,-17,-17,0,0,0,-112,-114,-164,-103,-287,-8,-11,-28,-31,-9,-15,-11,-27,0,0,0,0,0,0,0,0,0,0,0,0,0,0,0,0,0,-316,-280,-271,-235,-337,-202,-613,-986,-1001,-1026,-1057,-859,-463,-141,-117,-128,-1194,-1116,-5206,-1669,-12835,-12835,-1776,0,-12841,-12841,-12841,-12841,-12841,-12841,-12850,-29950,-29943,-29952,-29960,-29951,-29964,-29966,-29965,-29967,-29979,-29969,-29987,-29961,-29984,-29959,-29956,-29956,-29968,-29968,-29954,-12851,-29968,-29974,-29982,-29984,-29988,-29989,-29989,-29990,-29990,-12851]} 1. e4 c5 2. Nf3 e6 3. d4 cxd4 4. Nxd4 a6 5. c4 Nf6 6. Nc3 Bb4 7. Qd3 {B41: Sicilian: Kan Variation: 5 c4} O-O (7... Qc7 8. Nc2 Bc5 9. Be2 O-O 10. O-O Nc6 11. Kh1 d6 12. f4 Bd7 13. a3 Rad8 14. b4 Ba7 {½-½ (115) Karjakin,S (2782)-Caruana,F (2816) Paris 2018}) 8. e5 Ne8 9. a3 {LiveBook: 3 Games. White is slightly better.} Be7 10. Be2 d6 11. exd6 $146 ({Predecessor:} 11. Bf4 dxe5 12. Bxe5 Bf6 13. Qe3 Bxe5 14. Qxe5 Bd7 {1-0 (52) Santos Latasa,J (2523)-Lazarev,V (2442) Getxo 2017}) 11... Qxd6 12. Be3 Nf6 13. O-O-O Qc7 14. g4 {[%cal Bg2g4,Bg4g5][%mdl 32]} Rd8 (14... Nbd7 $11) 15. Qc2 Nbd7 16. g5 Ne8 17. Rhg1 (17. Kb1 $16) 17... b6 (17... Ne5 $11) 18. h4 ({White should play} 18. Bd3 $16) 18... Ne5 19. Ne4 (19. h5 $16) 19... Bb7 $11 20. Kb1 Nxc4 21. Bxc4 Bxe4 $1 22. Qxe4 Qxc4 23. Rc1 Qd5 24. Qxd5 Rxd5 25. Nc6 Bd6 26. h5 Kf8 27. h6 g6 ({Better is} 27... gxh6 $15 28. gxh6 Bc5) 28. Bxb6 Rb5 29. Bd4 Bxa3 30. Na7 $2 {[#]} (30. Rgd1 $11 {and White is okay.}) 30... Rb7 (30... Rxa7 $1 $19 {[%mdl 512]} 31. Bxa7 Bxb2 32. Bc5+ (32. Rc5 $2 Rb7 $19) 32... Kg8) 31. Nc8 Rab8 {[%cal Ra3b2]} 32. Rc2 Nc7 33. Nb6 Nb5 $1 {[%cal Rb5d4]} ({Reject} 33... Rxb6 34. Bxb6 Rxb6 35. Rxc7 $14) 34. Bg7+ Ke8 $1 35. Nc4 Bb4 (35... Be7 $15) 36. Rd1 (36. Rgc1 $11) 36... Nc7 (36... Be7 $15 37. f4 Rc8) 37. Be5 Rd8 38. Bd6 $2 {[%mdl 8192]} (38. Rxd8+ $1 $11 {and White has nothing to worry.} Kxd8 39. Nb6) 38... Nd5 $2 (38... Nb5 $19 39. Bxb4 Rxd1+ 40. Rc1 Rd5) 39. Bxb4 $17 Rxb4 40. Rdc1 Rb5 {Strongly threatening ...Nb4.} 41. Na3 Rb3 42. Rc6 a5 $36 {[%mdl 2048] Keeping White busy.} 43. Nc4 a4 (43... Rf3 $1 $17 44. Nxa5 Rxf2) 44. Ra6 $11 Rb4 45. Nd6+ Ke7 46. Nc8+ (46. Nc4 $1 $11 {was the only way to keep the balance.}) 46... Kf8 $17 47. Na7 {And now Nc6 would win.} Ra8 (47... Rg4 $19 {...Ra8 is the strong threat.} 48. Nc6 Rc8) 48. Rc5 $2 (48. Rc8+ $17 {was forced.} Rxc8 49. Nxc8) 48... Rb7 $2 (48... Rg4 $19 49. Raa5 Rg1+ 50. Rc1 Rxg5 51. Rxa4 Rh5) 49. Rc8+ $11 Rxc8 50. Nxc8 {[%mdl 4096] Endgame Black must now prevent Rd6. KRN-KRN} Rb4 51. Ra7 Rf4 52. Nd6 Nb6 53. Rb7 Nc4 54. Rb8+ Ke7 55. Nxc4 Rxc4 {KR-KR} 56. Rb7+ Ke8 57. Rb8+ Kd7 58. Rh8 Rg4 59. Rxh7 Ke7 60. f4 $1 e5 61. fxe5 $2 {[%mdl 8192]} (61. Rh8 $11) 61... Rxg5 $19 62. Rh8 Rxe5 63. Ka2 (63. Ra8 $142 Rh5 64. Ra7+ Kf6 65. Rxa4) 63... Re3 (63... Rh5 $142 64. Ka3 f5) 64. Kb1 $2 (64. Ra8 Rh3 65. Ra7+ Kf6 66. Ra6+ Kg5 67. Rxa4) 64... Rh3 65. Kc2 Kf6 66. Ra8 Rxh6 67. Rxa4 {[#]} Rh2+ $2 (67... Ke5 $1 $19 {has better winning chances.} 68. Ra5+ Kd4 69. Ra4+ Kd5 70. Ra5+ Kc4 71. Ra4+ Kb5) 68. Kc3 $17 Rh3+ 69. Kd2 $2 {[%mdl 8192]} (69. Kc2 $17) 69... g5 $19 {[%cal Bg6g5,Bg5g4,Bg4g3,Bg3g2][%mdl 32]} 70. b4 Ke5 71. Kc2 f5 72. b5 f4 $2 ({Black should try} 72... Rh4 $19 73. Ra5 Rc4+ 74. Kb3 Rc8 75. b6+ Ke4 76. Ra4+ Ke3) 73. Rb4 $2 {[%mdl 8192]} (73. b6 $11 Rh2+ 74. Kc3 Rh3+ 75. Kc4) 73... g4 74. b6 {[#]} g3 $1 {[%cal Rg3g2]} 75. b7 Rh8 76. b8=Q+ Rxb8 77. Rxb8 {KR-KPP} g2 78. Rg8 f3 79. Kd2 f2 80. Rxg2 f1=Q {KQ-KR} 81. Rg7 Kf6 82. Rg8 Kf7 83. Rc8 Qg2+ 84. Kc1 Qg5+ 85. Kb1 Qb5+ 86. Kc1 Ke6 (86... Kg6 $142 87. Rd8 Kh7 88. Kc2 Qc4+ 89. Kb2 Kh6 90. Rh8+ Kg6 91. Rh3 Kf5 92. Rc3 Qd5 93. Rb3 Ke4 94. Kc2 Qc4+ 95. Rc3 Qe2+ 96. Kb3 Kd4 97. Rg3 Qb5+ 98. Ka3 Qe5 99. Rb3 Kc4 100. Rb1 Qa5+ 101. Kb2 Qb4+ 102. Ka2 Qa4+ 103. Kb2 Qb3+ 104. Kc1 Qc3+ 105. Kd1 Kd3 106. Rb3 Qxb3+ 107. Ke1 Qf7 108. Kd1 Qf1#) 87. Rc2 Kd5 {Black mates.} 88. Rc8 Kd4 89. Rd8+ Kc3 90. Rc8+ Kb3 91. Rc7 Qf1+ {Precision: White = 40%, Black = 48%.} (91... Qg5+ $142 92. Kd1 Qd8+ 93. Ke2 Qxc7 94. Ke3 Qc4 95. Kf3 Qh4 96. Ke2 Kc3 97. Kf3 Kd3 98. Kg2 Ke3 99. Kg1 Kf3 100. Kf1 Qh1#) 0-1

[Event "84th Annual Southwest Open"]
[Site "Irving"]
[Date "2018.09.04"]
[Round "9"]
[White "Hung, Daniel"]
[Black "Stremavicius, Titas"]
[Result "0-1"]
[WhiteElo "2104"]
[BlackElo "2467"]
[Annotator "TA"]
[PlyCount "54"]
[EventDate "2018.08.31"]
[EventType "swiss"]
[EventCountry "USA"]
[SourceTitle "playchess.com"]
[Source "ChessBase"]
[SourceQuality "1"]

{[%evp 20,54,-28,-42,0,0,0,0,13,-14,-9,-30,0,-39,-16,-54,-40,-57,-52,-43,-54,-169,-155,-137,-145,-138,-44,-112,-121,-472,-210,-604,-593,-572,-574,-1376,-1348]} 1. e4 d6 2. d4 Nf6 3. Nc3 {[%cal Bb1c3,Bc3b5,Bb5a3][%mdl 32]} g6 4. f4 Bg7 5. Nf3 c5 6. d5 O-O 7. Bc4 b5 8. Nxb5 {A43: Schmid Benoni} (8. Bxb5 Nxe4 9. Nxe4 Qa5+ 10. Nc3 Bxc3+ 11. bxc3 Qxb5 12. Kf2 Nd7 13. Re1 Re8 14. f5 Qc4 15. fxg6 hxg6 {0-1 (72) Kovchan,A (2546)-Chernin,A (2573) Warsaw 2002}) 8... Nxe4 9. O-O Nd7 10. Bd3 a6 11. Na3 $1 {LiveBook: 5 Games} Nef6 12. c4 e6 13. dxe6 fxe6 14. Re1 $146 ({Predecessor:} 14. Ng5 Re8 15. Rb1 Bb7 {1-0 (37) Butunoi,A (2412)-Taggatz,M (2230) Austria 2003}) 14... Re8 15. Rb1 Rb8 16. b3 Bb7 17. Bb2 Qc7 18. Ng5 e5 19. fxe5 Nxe5 20. Bxe5 (20. Nc2 $1 $15) 20... Rxe5 $40 {[%mdl 128] Black attacks with force.} 21. Rxe5 dxe5 22. Qe2 Qd6 (22... Qc6 $17 {And now ...Rd8 would win.} 23. Rf1 e4) 23. Rd1 ({White should play} 23. Nc2 $1 $15) 23... Qd4+ $17 24. Qf2 $2 {[%mdl 8192] [#]} (24. Kh1 $17 Qg4 25. Qxg4 Nxg4 26. Kg1) 24... e4 (24... Qg4 $142 25. Nf3 e4) 25. Bc2 $2 (25. Be2 Qb2 26. Ne6) 25... Ng4 $19 {Black is clearly winning.} 26. Qxd4 Bxd4+ 27. Kf1 Rf8+ {Precision: White = 26%, Black = 48%.} 0-1

[Event "84th Annual Southwest Open"]
[Site "Irving"]
[Date "2018.09.03"]
[Round "9"]
[White "Green, Austen"]
[Black "Sanchez, Robert"]
[Result "1/2-1/2"]
[WhiteElo "2087"]
[BlackElo "1834"]
[Annotator "NA RC"]
[PlyCount "100"]
[EventDate "2018.08.31"]
[EventType "swiss"]
[EventCountry "USA"]
[SourceTitle "playchess.com"]
[Source "ChessBase"]
[SourceQuality "1"]
[TimeControl "5400+30"]

{[%evp 22,100,114,96,113,80,105,32767,32767,32767,32767,118,142,133,165,185,179,195,195,0,158,176,171,150,190,25,219,185,172,177,183,171,168,176,164,167,193,176,202,142,100,127,114,149,142,163,204,121,126,121,77,32767,192,159,206,-79,19,9,19,8,110,116,109,109,117,109,126,134,144,0,-8,0,0,-38,0,-39,-16,-11,0,-8,-8]} 1. e4 {[%emt 0:00:00]} Nc6 {[%emt 0:00:00]} 2. d4 {[%emt 0:00:00]} d5 {[%emt 0:00:00]} 3. e5 {[%emt 0:01:19]} Bf5 {[%emt 0:00:24]} 4. Be3 {[%emt 0:01:28]} e6 {[%emt 0:01:03]} 5. h4 {[%emt 0:02:56]} f6 {[%emt 0:05:07]} 6. g4 {[%emt 0:01:47]} Be4 {[%emt 0:01:07]} 7. f3 {[%emt 0:00:21]} Bg6 {[%emt 0:00:02]} 8. h5 {[%emt 0:00:18]} Bf7 {[%emt 0:00:07]} 9. f4 {[%emt 0:00:55]} fxe5 {[%emt 0:01:17]} 10. fxe5 {[%emt 0:00:19]} Be7 {[%emt 0:00:24]} 11. Nf3 {[%emt 0:04:13]} Qd7 {[%emt 0:07:39]} 12. c3 {[%emt 0:03:29]} O-O-O {[%emt 0:00:19]} 13. b4 {[%emt 0:00:28]} Kb8 {[%emt 0:00:20]} 14. Bb5 {[%emt 0:00:38]} Nh6 {[%emt 0:00:40]} 15. Rg1 {[%emt 0:01:01]} Rhf8 {[%emt 0:00:21]} 16. Nbd2 {[%emt 0:03:54]} Be8 {[%emt 0:05:55]} 17. Qb1 {[%emt 0:04:42]} Nxg4 {[%emt 0:01:39]} 18. Rxg4 {[%emt 0:00:19]} Bxh5 {[%emt 0:00:01] [#]} 19. Rg3 $1 {[%emt 0:00:43]} h6 {[%emt 0:04:59]} 20. Qh7 $2 {[%emt 0:02:08]} (20. Qb3 $18) 20... Rf7 $2 {[%emt 0:01:05]} (20... a6 $11 21. Ba4 g5) 21. O-O-O {[%emt 0:00:47]} Rdf8 {[%emt 0:00:43]} 22. Rf1 {[%emt 0:01:01]} a6 {[%emt 0:00:30] [#]} 23. Be2 $2 {[%emt 0:01:35]} (23. Ba4 $1 $18) 23... Na7 $2 {[%emt 0:02:35]} (23... a5 $11) 24. Rxg7 {[%emt 0:01:17]} Bxb4 {[%emt 0:00:23]} 25. Rxf7 {[%emt 0:01:29]} ({Much less strong is} 25. cxb4 $6 Rxg7 26. Qxh6 Bg4 $14) ({Inferior is} 25. Qxh6 Ba3+ 26. Kc2 Rxg7 $15) 25... Ba3+ {[%emt 0:00:26]} 26. Kb1 {[%emt 0:01:14]} Rxf7 {[%emt 0:00:37] [#]} 27. Qc2 $1 {[%emt 0:00:33]} Nb5 {[%emt 0:01:43]} 28. Ka1 {[%emt 0:02:11]} Qc6 {[%emt 0:00:57]} 29. Nb1 {[%emt 0:03:30]} ({Inferior is} 29. Bxh6 Bb4 $11) 29... Be7 {[%emt 0:00:37]} 30. Ng1 {[%emt 0:02:23]} Rxf1 {[%emt 0:00:39]} 31. Bxf1 {[%emt 0:02:24]} Bg4 {[%emt 0:00:41]} 32. Bh3 {[%emt 0:03:29]} Bh5 {[%emt 0:04:46]} 33. Ne2 {[%emt 0:01:05]} ({Jedoch nicht} 33. Bxh6 $6 Nxd4 34. Qd3 Nf5 $16) 33... Bf3 {[%emt 0:02:39]} (33... Bg5 $16 {is a better defense.}) 34. Bf1 {[%emt 0:05:00]} (34. Bxh6 $18 Be4 35. Qb3) 34... Be4 {[%emt 0:01:07]} 35. Qb3 {[%emt 0:01:31]} h5 {[%emt 0:01:57]} 36. Nf4 {[%emt 0:01:29]} Bg5 {[%emt 0:03:42] [#]} (36... Bxb1 $16 37. Bxb5 (37. Kxb1 Nxc3+ 38. Kb2 Na4+ 39. Ka1 Nb6 $16) 37... axb5) 37. a4 $1 {[%emt 0:03:10]} Na7 {[%emt 0:00:20]} 38. c4 $2 {[%emt 0:00:33]} ({White should try} 38. Nd2 $18) 38... Bxb1 {[%emt 0:01:38]} (38... Bxf4 $1 $15 39. Bxf4 Bxb1 40. cxd5 (40. Kxb1 dxc4 41. Qc2 Qf3 $17) 40... Bc2 41. dxc6 Bxb3 42. cxb7 Bxa4) 39. Kxb1 {[%emt 0:02:09]} dxc4 {[%emt 0:00:41]} 40. Qxc4 {[%emt 0:04:50]} Bxf4 {[%emt 0:07:48]} (40... Qf3 $1 $11 41. Qe2 (41. Nxe6 Qxe3 42. Qxc7+ Ka8 $11) 41... Qc6) 41. Qxc6 {[%emt 0:00:20]} Nxc6 {[%emt 0:00:02]} 42. Bxf4 {[%emt 0:00:15]} Nxd4 {[%emt 0:00:03]} 43. Bh3 {[%emt 0:00:31]} Kc8 {[%emt 0:00:49]} 44. Be3 {[%emt 0:00:13]} Nf5 {[%emt 0:00:15]} 45. Bxf5 {[%emt 0:00:12]} ({Better is} 45. Bf2 $16) 45... exf5 {[%emt 0:00:02]} 46. Kc2 {[%emt 0:00:15]} Kd7 {[%emt 0:00:22]} 47. Kd3 {[%emt 0:02:17]} Ke6 {[%emt 0:00:06]} 48. Bf4 {[%emt 0:00:11]} Kd5 {[%emt 0:02:27]} 49. Bh2 {[%emt 0:02:24]} b5 {[%emt 0:01:30]} 50. axb5 {[%emt 0:06:13]} axb5 $11 {[%emt 0:42:26] Ke4+ [%clk 0:00:00] Kxe5+*} 1/2-1/2